[Event "Ste Foy Tal"]
[Site "Ste Foy"]
[Date "2017.11.25"]
[Round "1"]
[White "Jean, Martin"]
[Black "Bernatchez, Dan"]
[Result "1-0"]
[WhiteElo "1588"]
[BlackElo "1924"]
[PlyCount "115"]
[EventDate "2017.11.25"]
[EventType "swiss"]
[EventRounds "5"]
[EventCountry "CAN"]
[SourceTitle "EXT 2022"]
[Source "ChessBase"]
[SourceDate "2021.10.06"]
[SourceVersion "1"]
[SourceVersionDate "2021.10.06"]
[SourceQuality "1"]

1. c4 c5 2. Nc3 Nf6 3. g3 d5 4. cxd5 Nxd5 5. Bg2 Nc7 6. Nf3 Nc6 7. d3 e5 8. 0-0 f6 9. Nd2 Be6 10. Nde4 Qd7 11. f4 exf4 12. Bxf4 Nd5 13. Nxd5 Bxd5 14. Rc1 b6 15. Be3 Be7 16. Qa4 Rd8 17. b3 0-0 18. Nc3 Bxg2 19. Kxg2 Rfe8 20. Bf4 Bd6 21. Bxd6 Qxd6 22. Rf5 Qe6 23. Qc4 Nd4 24. Rf2 Qxc4 25. bxc4 Re3 26. Rb1 Rde8 27. Rb2 f5 28. Kf1 g6 29. Nd5 R3e6 30. Nc7 R8e7 31. Nxe6 Rxe6 32. Ke1 h5 33. Kd2 Kg7 34. e3 Nc6 35. Re2 Kf6 36. Kc3 Rd6 37. Rbd2 Ke5 38. d4+ Ke4 39. dxc5 Rxd2 40. Rxd2 bxc5 41. Rd5 Nb4 42. Rxc5 Nxa2+ 43. Kd2 Nb4 44. Ra5 Nc6 45. Ra6 Ne5 46. c5 Kd5 47. Rxa7 Kxc5 48. Ke2 Kd5 49. h4 Ke4 50. Ra4+ Kd5 51. Rd4+ Kc5 52. Rd1 Nc6 53. Kf3 Ne5+ 54. Kf4 Nc6 55. Rc1+ Kd5 56. Rxc6 Kxc6 57. Kg5 Kd5 58. Kxg6 1-0

[Event "Ste Foy Morphy"]
[Site "Ste Foy"]
[Date "2017.03.11"]
[Round "3"]
[White "Sarra Bournet, Marc"]
[Black "Jean, Martin"]
[Result "1-0"]
[WhiteElo "1776"]
[BlackElo "1569"]
[PlyCount "21"]
[EventDate "2017.02.25"]
[EventType "swiss"]
[EventRounds "5"]
[EventCountry "CAN"]
[SourceTitle "EXT 2022"]
[Source "ChessBase"]
[SourceDate "2021.10.06"]
[SourceVersion "1"]
[SourceVersionDate "2021.10.06"]
[SourceQuality "1"]

1. e4 c5 2. Nc3 g6 3. f4 Bg7 4. Nf3 Nc6 5. Bc4 Nh6 6. d3 d6 7. f5 e6 8. Bg5 f6 9. Bxh6 Bxh6 10. fxe6 0-0 11. e7+ 1-0

[Event "Ste Foy Tal"]
[Site "Ste Foy"]
[Date "2016.11.19"]
[Round "1"]
[White "Chouinard, Etienne"]
[Black "Jean, Martin"]
[Result "1-0"]
[WhiteElo "1880"]
[BlackElo "1592"]
[PlyCount "103"]
[EventDate "2016.11.19"]
[EventType "tourn"]
[EventRounds "5"]
[EventCountry "CAN"]
[SourceTitle "EXT 2022"]
[Source "ChessBase"]
[SourceDate "2021.10.06"]
[SourceVersion "1"]
[SourceVersionDate "2021.10.06"]
[SourceQuality "1"]

1. e4 c5 2. f4 Nc6 3. Nf3 g6 4. c3 Bg7 5. e5 Nh6 6. d4 cxd4 7. cxd4 d5 8. Bd2 Bg4 9. Bc3 Nf5 10. Bb5 0-0 11. Bxc6 bxc6 12. Qd3 Bxf3 13. Qxf3 Qb6 14. Qf2 Rac8 15. 0-0 Rfd8 16. g4 Nh6 17. h3 e6 18. Nd2 Bf8 19. a3 c5 20. Nf3 a6 21. Rac1 c4 22. Qd2 Rd7 23. Kh1 Kg7 24. Ba5 Qb5 25. a4 Qb8 26. Nh4 Rb7 27. Bc3 Rc6 28. f5 exf5 29. gxf5 Qc8 30. Qg2 Rcb6 31. Qxd5 Bb4 32. Qg2 Bxc3 33. bxc3 Rb2 34. Rc2 Rxc2 35. Qxc2 Qc6+ 36. Kh2 Rb3 37. fxg6 hxg6 38. Rf6 Qb7 39. Rxg6+ Kf8 40. Rg2 Qe7 41. Ng6+ fxg6 42. Qxg6 Qh4 43. Qg7+ Ke8 44. Qh8+ Ke7 45. Rg7+ Ke6 46. Qc8+ Kd5 47. Qa8+ Ke6 48. Qxa6+ Kf5 49. Qc8+ Kf4 50. Qf8+ Ke3 51. Rg3+ Kd2 52. Qf2+ 1-0

[Event "Ste Foy Botwinnik"]
[Site "Ste Foy"]
[Date "2016.10.01"]
[Round "4"]
[White "Laflamme, Simon"]
[Black "Jean, Martin"]
[Result "1/2-1/2"]
[WhiteElo "1838"]
[BlackElo "1572"]
[PlyCount "41"]
[EventDate "2016.09.10"]
[EventType "swiss"]
[EventRounds "5"]
[EventCountry "CAN"]
[SourceTitle "EXT 2022"]
[Source "ChessBase"]
[SourceDate "2021.10.06"]
[SourceVersion "1"]
[SourceVersionDate "2021.10.06"]
[SourceQuality "1"]

1. Nf3 c5 2. c4 Nc6 3. Nc3 Nf6 4. d4 cxd4 5. Nxd4 g6 6. e4 d6 7. Be2 Nxd4 8. Qxd4 Bg7 9. Be3 Bd7 10. 0-0 0-0 11. Qd2 Bc6 12. f3 Re8 13. Nd5 e6 14. Nxf6+ Qxf6 15. Rab1 Qe7 16. Rfe1 b6 17. Bd4 Bxd4+ 18. Qxd4 Rad8 19. f4 e5 20. fxe5 dxe5 21. Qe3 1/2-1/2

[Event "Charlesbourg Fete du travail"]
[Site "Charlesbourg"]
[Date "2014.08.30"]
[Round "3"]
[White "Jean, Martin"]
[Black "Boulianne, Gabriel"]
[Result "1-0"]
[WhiteElo "1534"]
[BlackElo "1790"]
[PlyCount "89"]
[EventDate "2014.08.31"]
[EventType "swiss"]
[EventRounds "5"]
[EventCountry "CAN"]
[SourceTitle "EXT 2022"]
[Source "ChessBase"]
[SourceDate "2021.10.06"]
[SourceVersion "1"]
[SourceVersionDate "2021.10.06"]
[SourceQuality "1"]

1. g3 d5 2. Nf3 c5 3. Bg2 Nc6 4. d3 e5 5. 0-0 Nf6 6. Nbd2 Be7 7. c4 d4 8. Ne1 0-0 9. a3 Bd7 10. Ne4 Bf5 11. Nxf6+ Bxf6 12. Rb1 a5 13. Bd2 Be7 14. Nc2 Rc8 15. b4 axb4 16. axb4 b6 17. b5 Nb8 18. Ra1 Qd7 19. Ra2 Bh3 20. Ne1 Bxg2 21. Kxg2 Qb7+ 22. Kg1 Nd7 23. Ng2 f5 24. Qa1 Ra8 25. Ra6 Rxa6 26. bxa6 Qa7 27. Qa4 Nb8 28. Ra1 Rc8 29. Ne1 Nc6 30. Nc2 Qc7 31. Na3 Ra8 32. Nb5 Qc8 33. a7 Qd7 34. Qb3 Qb7 35. Ra4 h6 36. e3 g5 37. Qd1 Kg7 38. Qf3 Kf6 39. e4 f4 40. Qg4 Bf8 41. h4 Be7 42. hxg5+ hxg5 43. Qf5+ Kg7 44. Kg2 Rf8 45. Qxf8+ 1-0

[Event "Charlesbourg Fete du travail"]
[Site "Charlesbourg"]
[Date "2014.08.29"]
[Round "2"]
[White "Tremblay Alix, Eric"]
[Black "Jean, Martin"]
[Result "1-0"]
[WhiteElo "1903"]
[BlackElo "1534"]
[PlyCount "81"]
[EventDate "2014.08.31"]
[EventType "swiss"]
[EventRounds "5"]
[EventCountry "CAN"]
[SourceTitle "EXT 2022"]
[Source "ChessBase"]
[SourceDate "2021.10.06"]
[SourceVersion "1"]
[SourceVersionDate "2021.10.06"]
[SourceQuality "1"]

1. c4 Nf6 2. Nf3 g6 3. Nc3 Bg7 4. e4 d6 5. d4 0-0 6. Bd3 Nfd7 7. Be3 c5 8. Qd2 cxd4 9. Nxd4 Ne5 10. Be2 Nbc6 11. h4 Ng4 12. Nxc6 bxc6 13. Bg5 Qb6 14. 0-0 Qc7 15. Rad1 Rb8 16. b3 d5 17. Bf4 e5 18. Bg3 d4 19. Na4 c5 20. Bxg4 Bxg4 21. f3 Bd7 22. Nb2 a5 23. Nd3 f5 24. exf5 Bxf5 25. Rfe1 Bxd3 26. Qxd3 Rfe8 27. Re4 Rb6 28. Rde1 Rbe6 29. f4 Qf7 30. Qd2 Bh6 31. Qxa5 Qf8 32. Qc7 Rc8 33. Qd7 Rd6 34. Qg4 exf4 35. Bxf4 Rdd8 36. Qe6+ Kh8 37. Be5+ Bg7 38. Rf1 Qg8 39. Rf7 Re8 40. Bxg7+ Qxg7 41. Qxe8+ 1-0

[Event "Ste Foy Samedi 01"]
[Site "Ste Foy"]
[Date "2014.01.11"]
[Round "1"]
[White "Jean, Martin"]
[Black "Sauve, Richard"]
[Result "0-1"]
[WhiteElo "1459"]
[BlackElo "1915"]
[PlyCount "102"]
[EventDate "2014.01.11"]
[EventType "swiss"]
[EventRounds "5"]
[EventCountry "CAN"]
[SourceTitle "EXT 2022"]
[Source "ChessBase"]
[SourceDate "2021.10.06"]
[SourceVersion "1"]
[SourceVersionDate "2021.10.06"]
[SourceQuality "1"]

1. c4 e6 2. Nc3 d5 3. cxd5 exd5 4. d4 c6 5. g3 Nf6 6. Bg2 Bd6 7. Nf3 0-0 8. 0-0 Re8 9. Bg5 Nbd7 10. Qc2 h6 11. Bxf6 Nxf6 12. Rae1 Be6 13. a3 Qc7 14. e4 dxe4 15. Nxe4 Nxe4 16. Rxe4 Bd5 17. Re3 Rxe3 18. fxe3 Re8 19. Nh4 Bxg2 20. Nxg2 Qe7 21. Re1 Qe4 22. Qxe4 Rxe4 23. Kf2 g6 24. Rc1 Kg7 25. Ke2 f5 26. Kd3 Re7 27. Rc2 g5 28. Rf2 Kg6 29. Rf1 c5 30. Re1 cxd4 31. exd4 Rxe1 32. Nxe1 h5 33. Ke2 f4 34. gxf4 Bxf4 35. h3 Kf5 36. Kf3 g4+ 37. hxg4+ hxg4+ 38. Ke2 Ke4 39. Nd3 Bg5 40. Nc5+ Kd5 41. b3 b6 42. Nd3 Kxd4 43. Nf2 g3 44. Nh3 Be7 45. a4 Kc3 46. Kf3 Bd6 47. a5 bxa5 48. Ng5 Kxb3 49. Ne4 Bb8 50. Nc5+ Kc4 51. Nd7 Bd6 0-1